00760nam a2200205 a 450000100060000000300080000600500170001400800410003103500190007204000270009104100080011808200240012611000360015024501620018626000610034830000290040950400510043861000350048965000300052443209BD-RjUL20211209053649.0160620s1950 enka b 001 0 eng d a(BD-RjUL)43327 aMBBcMBBdBD-RjULbeng aeng a373.94214bNOR 19502 aNorth London Collegiate School.14aThe North London Collegiate School, 1850-1950 :ba hundred years of girls' education : essays in honor of the centenary of the Frances Mary Buss foundation / aLondon :bG. Cumberlage, Oxford University Press,c1950. a231 p. :bill. ;c22 cm. aIncludes bibliographical references and index.20aNorth London Collegiate School 0aEducationzGreat Britain.